00824nam a22002412a 450000100060000000300080000600500170001400800410003103500510007204000320012304100080015508200210016309000230018410000400020724500380024725000120028526000290029730000200032665000700034694200120041699900170042895201370044518660BD-RjUL20211209000321.0140222s1959 enk 000 1 eng d aOCLC ocm17150172 from D941101Ma(BD-RjUL)18718 aANOcANOdEQOdBD-RjULbeng aeng bBER 1959a823.91 aPR6003.E6bR5 19591 aBennett, Arnold,d1867-1931.95651210aRiceyman steps /c Arnold Bennett a11th ed aLondon :bCassell,c1959 a304 p. ;c18 cm aBooksellers and bookselling vFictionz Londonz England957465 2ddccBK c18660d18660 00102ddc40708FICaRUCLbRUCLcStackd1964-03-19eZeitlingerg12.60l0o823.91 BER 1959r2014-02-22 00:00:00tC-2w2021-12-09yBK